My Hero Academia les Alters des Personnages - Statistiques

Statistiques générales
  • Ce quiz a été pris 108 fois
  • Le résultat moyen est 22 sur 207
Statistiques - réponses
Personnages Alters % Correct
All Might | Izuku Midoriya | Yoichi Shigaraki One For All
98%
Katsuki Bakugo Explosion
90%
Fuyumi Todoroki | Natsuo Todoroki | Rei Todoroki Glace
77%
Tsuyu Asui Grenouille
72%
Momo Yaoyorozu Création
67%
Denki Kaminari Électricité
65%
Shoto Todoroki Glace et Feu
63%
Mina Ashido Acide
58%
Eijiro Kirishima Durcissement
56%
Fumikage Tokoyami Dark Shadow
51%
Toru Hagakure Invisibilité
48%
Ochaco Uraraka Gravité Zéro
40%
Numéro 13 Trou Noir
38%
Yuga Aoyama Nombrilaser
35%
Eraser Head Effacement
33%
Kyoka Jiro Earphone Jack
30%
Ingenium | Tenya Iida Engine
30%
All For One All For One
28%
Cementos Ciment
27%
Mashirao Ojiro Queue
26%
Gigantomachia | Mount Lady Gigantisme
25%
Neito Monoma Copie
23%
Tetsutetsu Tetsutetsu Acier
20%
All For One | Johnny Téléportation
19%
Ryukyu Dragon
17%
All For One | Lady Nagant Lévitation
16%
Hanta Sero Ruban Adhésif
16%
Mirko Lapin
15%
Minoru Mineta Boing Boing
14%
Gigantomachia | Hound Dog Chien
14%
Tomura Shigaraki Désintégration
14%
Gang Orca Orque
14%
Present Mic Voice
14%
Nana Shimura Voltige
14%
X-Less Laser
12%
Love Lover Amour
11%
Mezo Shoji Bras Cloneurs
11%
Stain Coagulation
11%
Kinoko Komori Champignon
10%
Ectoplasm Clones
10%
Hitoshi Shinso Lavage de Cerveau
10%
Koji Koda La Voix du Vivant
10%
Re-Destro Stress
10%
Rikido Sato Sugar Dope
10%
Inasa Yoarashi Vent
10%
Hawks Ailes D'Acier
9%
Endeavor Hell Flame
9%
Ibara Shiozaki Ronces
9%
Mandalay Télépathie
9%
Mister Compress Compress
7%
Overhaul Overhaul
7%
Mirio Togata Perméabilité
7%
Shikkui Makabe Renforcement
7%
Mei Hatsume Zoom
7%
Daigoro Banjo Black Whip / Fouet Noir
6%
Bubble Girl Bulles
6%
Backdraft | Manual Hydrokinesis
6%
Majestic Magie
6%
Himiko Toga Métamorphose
6%
Star and Stripe New Order
6%
Seiji Shishikura Boucherie
5%
Hikage Shinomori Détection du Danger / Sixième Sens
5%
Toshitsugu Kudo Embrayage
5%
Spinner Gecko
5%
Fat Gum Graisse Absorbante
5%
Nezu Haute Perf.
5%
Oboro Shirakumo Nuage
5%
Midnight Parfum Soporifique
5%
All For One | Ragdoll Recherche
5%
Lady Nagant Rifle / Fusil
5%
Tora Souplesse
5%
Dieu Sylvestre Arborescence
4%
Manga Fukidashi Comics
4%
Crématorium Crémation
4%
Nirengeki Shoda Double Impact
4%
En Tayutai Écran de Fumée
4%
Bruce Lee Fa Jin
4%
Centipede Mille-Pattes
4%
Curious Mine
4%
Fourth Kind Quatre Bras
4%
Gran Torino Réacteurs
4%
Hood Stockage
4%
Amplivolt Amplivolt / Survoltage
2%
Tamaki Amajiki Assimilation
2%
Hekiji Tengai Barrière
2%
Jurota Shishida Beast
2%
Itejiro Toteki Boomerang
2%
Chronostasis Chronostasis
2%
Wash Clean Bubbles
2%
Pony Tsunotori Cornes Canon
2%
Edgeshot Corps de Papier
2%
Black Mist Création de portails
2%
Setsuna Tokage Division
2%
Gentle Elasticité
2%
Pixie-Bob Flot de Terre
2%
Yosetsu Awase Fusion
2%
Itsuka Kendo Giant Fists
2%
Spinner Goliath
2%
Trumpet Incitement / Exaltation
2%
All For One Infrarouge
2%
Woman Liquéfaction
2%
Magnet Magnétisme
2%
Best Jeanist Maîtrise des Fibres
2%
Moonfish Manipulation Dentaire
2%
Vlad King Manipulation du Sang
2%
All For One Méga-Muscles
2%
Yui Kodai Minimax
2%
Toya Setsuno Pickpocket
2%
Tatami Nakagame Pliage
2%
Sir Nighteye Prescience
2%
Hood Puissance
2%
Juzo Honenuki Ramollissement
2%
Eri Rembobinage
2%
Crust Shield
2%
Gigantomachia Taupe
2%
Yo Shindo Vibration
2%
Giran Amnésie
1%
Skeptic Anthropomorphisme / Pantin
1%
Inko Midoriya Attraction Mineure d'Objets
1%
Hood | Muscular Augmentation Musculaire
1%
Burnin Blazing Hair
1%
Uwabami Cheveux Serpents
1%
Shin Nemoto Confession
1%
Yu Hojo Cristallisation
1%
Apocrypha Cryokinésie
1%
Mocha | Twice Duplicité
1%
Hiryu Rin Écailles
1%
Miss Joke Éclat de Rire
1%
Gigantomachia Endurance
1%
Kemi Utsushimi Ensorcellement
1%
All For One | Kyudai Garaki Force Vitale
1%
Gun Head Gatling
1%
Soramitsu Tabe Glouton
1%
Mitsuki Bakugo Glycérine
1%
Sirius Good Ear
1%
Mr. Brave Hair-Raiser
1%
Nagamasa Mora Hypertrichose
1%
All For One Lance d'Os
1%
Ending Ligne Blanche
1%
Shishido Lion
1%
Power Loader Ongles d'Acier
1%
Selkie Phoca Largha
1%
Reiko Yanagi Poltergeist
1%
All For One Projection
1%
All For One Prolifération
1%
Brainless Ailé | Tsubasa Pterodactyl
1%
Togaru Kamakiri Rasoir
1%
Hood Réacteurs Scapulaires
1%
Recovery Girl Récupération
1%
All For One Renvoi d'Impact
1%
All For One Ressort
1%
All For One Rivets
1%
Snatch Sandstorm
1%
Kosei Tsuburaba Solidification de l'Air
1%
Masaru Bakugo Sueur Oxydante
1%
Brainless (SCA) Absorption de Chocs
0%
Brainless à Quatre Yeux Absorption et Renvoi
0%
All For One Activation Forcée d'Alter
0%
Shihai Kuroiro Black Integration
0%
Hood Bras Métamorphes
0%
Spinner Côte d'Écailles
0%
Kendo Rappa Épaules Fortes
0%
Bare Handeath Force Surhumaine
0%
All For One Longévité
0%
Serviteur des Étoiles Manipulation du Verre
0%
Mimic Mimicry
0%
Gigantomachia Muscles d'Acier
0%
Salaam Papyrus
0%
Woman Rupture
0%
Deidoro Sakaki Saoul à Mort
0%
Mustard Sleep Gas
0%
Kojiro Bondo Super Glue
0%
Brainless (SCA) | Brainless Sans Yeux | Chubs | +5 others Super Régénération
0%
Gigantomachia Super-Rendement Energétique
0%
Gigantomachia Suppression de la Douleur
0%
Nejire Hado Surge
0%
Snipe Tête Chercheuse
0%
Big Red Dot Tidal Bore
0%
Brainless Tronçonneuse Tool Arms
0%
Sen Kaibara Tourbillon
0%
Trajectoire Trajet
0%
Dictator Tyran
0%
Lock Lock Verrouiller
0%
Rikiya Katsukame Vole de Vitalité
0%
Kota Izumi Water Creation
0%
Aucun quiz correspondant
Distribution des résultats
% des personnes avec chaque résultat
Percentile par nombre de réponses
Votre historique - résultats
Vous n’avez pas pris ce quiz